| 000 | 00000nam 2200000za 4500 |
| 001 | 9.841353 |
| 003 | CaOODSP |
| 005 | 20221107152051 |
| 007 | cr ||||||||||| |
| 008 | 170809s2007 onc |o f|0| 0 eng d |
| 020 | |z0-920360-60-2 |
| 040 | |aCaOODSP|beng |
| 043 | |an-cn--- |
| 086 | 1 |aIu81-3/9-2007E-PDF |
| 100 | 1 |aHaimowitz, Joseph. |
| 245 | 10|aEconomic value of standardization |h[electronic resource] / |csubmitted to the Standards Council of Canada by Joseph Haimowitz and Joanne Warren, The Conference Board of Canada. |
| 260 | |aOttawa : |bStandards Council of Canada, |c2007. |
| 300 | |aii, 37, xi p. |
| 500 | |aIssued also in French under title: Valeur économique de la normalisation. |
| 500 | |aCover title. |
| 500 | |a"July 2007." |
| 504 | |aIncludes bibliographic references. |
| 520 | |a"The Standards Council of Canada (SCC) retained The Conference Board of Canada to undertake a study to examine the impact of standardization on the Canadian economy. The study involved a review of the standards-oriented economics literature, an empirical analysis of the impact of the collection of standards on Canadian labour productivity, a series of interviews with Canadian leaders, and two case studies on the benefits of selected aspects of standardization."--Executive summary, p. ii. |
| 692 | 07|2gccst|aStandards |
| 692 | 07|2gccst|aEconomy |
| 700 | 1 |aWarren, Joanne. |
| 710 | 2 |aConference Board of Canada. |
| 710 | 2 |aStandards Council of Canada. |
| 775 | 08|tValeur économique de la normalisation |w(CaOODSP)9.841355 |
| 856 | 40|qPDF|s332 KB|uhttps://publications.gc.ca/collections/collection_2017/ccn-scc/Iu81-3-9-2007-eng.pdf |